000 00787nam a2200181Ia 4500
008 090630s9999 xx 000 0 und d
082 _b20407
100 _aसंपा. पचिंद्रे श्रीराम.
245 _aनक्षत्रांच्या ओळी.
_cसंपा. पचिंद्रे श्रीराम.
260 _bअभिव्यक्ती - कोल्हापूर.
_c2000
300 _a98
600 _aसंपा. पचिंद्रे श्रीराम.
630 _aनक्षत्रांच्या ओळी.
655 _aकाव्य.
700 _aसंपा. पचिंद्रे श्रीराम.
730 _aनक्षत्रांच्या ओळी.
942 _cBOOK
999 _c272263
_d272263